| 000 | 01065cam a2200337 a 4500 | ||
|---|---|---|---|
| 001 | 13088460 | ||
| 003 | OSt | ||
| 005 | 20140310181625.0 | ||
| 008 | 030211s2002 flu 000 0 eng | ||
| 010 | _a 2003265540 | ||
| 020 | _a1582794197 | ||
| 040 |
_aDLC _cDLC _dDLC |
||
| 050 | 0 | 0 |
_aPE 1628 _b.N532 2005 |
| 082 | 0 | 0 |
_aREF 428 _2N46 2005 |
| 245 | 0 | 4 | _aThe New international Webster's pocket grammar, speech & style dictionary of the English language : |
| 250 | _anew rev. ed. | ||
| 260 |
_bTrident Press International, _cc2005. |
||
| 300 |
_a314 p. _c17 cm. |
||
| 500 | _aTitle from slip case. | ||
| 521 | _a | ||
| 541 | _j1 | ||
| 541 | _j2 | ||
| 562 | _e2 | ||
| 650 | 0 |
_aEnglish language _vDictionaries. |
|
| 650 | 0 |
_aEnglish language _xGrammar _vHandbooks, manuals, etc. |
|
| 650 | 0 |
_aEnglish language _xSynonyms and antonyms. |
|
| 710 | 2 | _aTrident Press International. | |
| 906 |
_a7 _bcbc _corignew _d2 _encip _f20 _gy-gencatlg |
||
| 942 |
_2lcc _cBK-GR _kREF |
||
| 999 |
_c279 _d279 |
||